1267 1876 1983 1916 1303 1915 1679 1460 1841 1205 1914 1366 1343 1538 1727 1485 1993 1586 1073 1706 1013 1305 1388 1037 1705 1206 1410 1020 1384 1310 1178 1105 1156 1146 1193 1607 1471 1899 1678 1086 1178 1000 1866 1341 1579 1361 1447 1928 1157 1834 1925 1557 1353 1255 1391 1414 1635 1157 1435 1750 1150 1771 1576 1201 1772 1083 1475 1092 1096 1860 1690 1055 1688 1824 1712 1137 1684 1460 1606 1994 1696 1074 1718 1000 1515 1300 1133 1528 1569 1946 1926 1143 1992 1870 1264 1976 1940 1132 1216 BCNSPRNW ULIB Ver.6.0+V

เปลี่ยนเป็นภาษาไทย

Change to English
 แสดงรายละเอียดบรรณานุกรม
  กลับหน้าหลัก

Brief Record : Get Marc (ISO 2709) : E-mail record : QR code < ปิดหน้าต่าง
LEADER : 00000nam 2200000uu 4500
001    13399113089
003     ULIB
008    110926s2550||||th 000 0 tha d
020    9789749934319
050  4 PL4159^bว735ภ 2550
100 0  วิไลศักดิ์ กิ่งคำ
245 10 ภาษาต่างประเทศในภาษาไทย /^cวิไลศักดิ์ กิ่งคำ
250    พิมพ์ครั้งที่ 1
260    กรุงเทพฯ :^bสำนักพิมพ์มหาวิทยาลัยเกษตรศาสตร์,^c2550
300    xii, 236 หน้า :^bภาพประกอบ ;^c26 ซม.
650  4 ภาษาไทย^xคำและวลีภาษาต่างประเทศ
945    ^p200^l0^i027101
945    ^p200^l0^i027102
995    ทศพร
999 ^a ทศพร
รายการนี้ยังไม่มีแท็ก
คุณยังไม่ได้ล็อกอิน คุณสามารถมีกิจกรรมร่วมกับเว็บไซต์ได้ แต่ต้องล็อกอินก่อน ::
  ล็อกอิน

รายการสื่อสารสนเทศ

ลำดับที่ ประเภท เลขเรียก/บาร์โค้ด สถานที่ สถานะ
- ไม่พบข้อมูล -

รายการใกล้เคียง
    ผู้แต่ง [วิไลศักดิ์ กิ่งคำ]

BibComment


ยังไม่เคยถูกคอมเมนท์

คอมเมนท์ทรัพยากรรายการนี้
  คอมเมนท์: ภาษาต่างประเทศในภ..


 Copyright 2026. Bcnsprnw @Library